| 000 | 01709nam a2200433 i 4500 | ||
|---|---|---|---|
| 001 | 196860 | ||
| 003 | ES-MaACL | ||
| 005 | 20250112063037.0 | ||
| 007 | ta | ||
| 008 | 250110s1863 sp a ||| |aspa d | ||
| 035 | _a(CAT)0054-76260 | ||
| 035 | _aCCPB000680797-6 | ||
| 040 |
_aCAT _bspa _cCAT _dCCPB _erdc |
||
| 080 | _a343.83(44)"16/18" | ||
| 100 | 1 |
_aSanson, Henri, _d1917- _9167496 _eaut |
|
| 245 | 1 | 4 |
_aLos Misterios del cadalso : _bmemorias de siete generaciones de verdugos (1688-1847) / _cpor H. Sanson ; traduccion española por Juan Sala. |
| 260 |
_aMadrid : _b[s.n.], _c1863 _f(Estab. Tip.-Lit. de Manini Hermanos) |
||
| 300 |
_a863 p., [27] h. de lám. : _bil. ; _c24 cm. |
||
| 336 |
_2rdacontent _atexto |
||
| 337 |
_2rdamedia _asin mediación |
||
| 338 |
_2rdacarrier _avolumen |
||
| 510 |
_aCCPB, _c000680797-6 |
||
| 561 |
_83.1 _aSello: "Círculo de Tarragona" |
||
| 561 |
_84.1 _aSello: Consejo Superior de Investigaciones Científicas, Biblioteca General. |
||
| 561 |
_84.2 _aProcede de: CSIC, Biblioteca General (antiguo Patronato Menéndez Pelayo), Madrid, con signatura 92-4º/354. |
||
| 563 |
_82.1 _aEnc. hol. |
||
| 563 |
_83.1 _aEncuadernación holandesa. |
||
| 563 |
_84.1 _aEncuadernación holandesa. |
||
| 597 | _aPortada adicional grabada. | ||
| 650 | 4 |
_aEjecuciones _zFrancia _9239444 |
|
| 650 | 4 |
_aAjusticiamentos y verdugos _zFrancia _9239445 |
|
| 700 | 0 |
_aSala, Juan _9101648 _etrl |
|
| 752 |
_aEspaña _dMadrid |
||
| 852 |
_aES-MaACL _jG-16021 _cDEPO2 |
||
| 942 |
_n0 _cMONANT |
||
| 999 |
_c196860 _d196860 |
||